[Event "PARDUBICE OPEN 2007"]
[Site "?"]
[Date "2007.07.28"]
[Round "9"]
[White "Totsky, Leonid"]
[Black "Grachev, Boris"]
[Result "1/2-1/2"]
[WhiteElo "2484"]
[BlackElo "2601"]
[PlyCount "170"]
[EventDate "2007.??.??"]

1. e4 c5 2. g3 Nc6 3. Bg2 e6 4. d3 Nge7 5. Nf3 d5 6. Qe2 g6 7. O-O Bg7 8. c3 h6
9. h4 b6 10. Na3 Ba6 11. e5 b5 12. Nc2 b4 13. c4 Bb7 14. Ne3 Qd7 15. cxd5 exd5
16. Bd2 O-O 17. Rac1 Rac8 18. Rxc5 Nd4 19. Nxd4 Rxc5 20. Bxb4 Rcc8 21. f4 Rfe8
22. Qd2 Qa4 23. a3 Qa6 24. Bh3 Rcd8 25. Ba5 Bc8 26. Bg2 Rd7 27. b4 Nc6 28. Nxc6
Qxc6 29. d4 Qa4 30. Qd3 Re6 31. f5 gxf5 32. Rxf5 Ba6 33. Qd2 Qxa3 34. Rf2 Bd3
35. Kh2 Be4 36. Bh3 h5 37. Bxe6 fxe6 38. Ng2 Qa1 39. b5 Rf7 40. Bd8 Qb1 41.
Rxf7 Kxf7 42. Qe2 Kg8 43. Bf6 Bxf6 44. exf6 Qc2 45. Qxc2 Bxc2 46. g4 hxg4 47.
Ne3 Bd3 48. Nxg4 Bxb5 49. Ne5 Be8 50. f7+ Bxf7 51. Nc6 a6 52. Kg3 Be8 53. Na5
Kg7 54. Kf4 Kf6 55. Nb3 Bh5 56. Na5 Bg6 57. Nc6 Bf5 58. Na5 Kg6 59. Nc6 Kh5 60.
Kg3 Kg6 61. Kf4 Kf6 62. Na5 Ke7 63. Ke5 Kd7 64. Nb7 Ke7 65. Na5 Kf7 66. Nc6 Kg7
67. Na5 Kh6 68. Kf4 Kh5 69. Kg3 Bg6 70. Nb3 Be8 71. Na5 Ba4 72. Nb7 Bb3 73. Nc5
Bc4 74. Nb7 Bf1 75. Na5 Kg6 76. Kf4 Kf6 77. Nb7 Bh3 78. Na5 Kf7 79. Ke5 Kg6 80.
Kf4 Kf6 81. Nc6 Bf5 82. Na5 Ke7 83. Ke5 Kd7 84. Nb7 Kc6 85. Nd8+ Kd7 1/2-1/2

[Event "PARDUBICE OPEN 2007"]
[Site "?"]
[Date "2007.07.28"]
[Round "9"]
[White "Maslak, Konstantin"]
[Black "Smerdon, David"]
[Result "1-0"]
[WhiteElo "2548"]
[BlackElo "2461"]
[PlyCount "93"]
[EventDate "2007.??.??"]

1. e4 d5 2. exd5 Nf6 3. Nf3 Bg4 4. Be2 Qxd5 5. Nc3 Qf5 6. h3 Bxf3 7. Bxf3 Nc6
8. Bxc6+ bxc6 9. Qe2 e6 10. O-O Bd6 11. Qc4 Kd7 12. d3 Rab8 13. a3 g5 14. Ne4
g4 15. Nxd6 cxd6 16. h4 Nd5 17. Qd4 a6 18. Qa4 Nc7 19. g3 Rb5 20. c4 Rb7 21.
Qc2 e5 22. b4 Ne6 23. Bb2 h6 24. Rfe1 Rbb8 25. c5 Ng5 26. cxd6 Nf3+ 27. Kf1
Nxe1 28. Rxe1 Rb5 29. Kg1 a5 30. Rc1 Rc8 31. bxa5 Rxa5 32. a4 Qe6 33. d4 e4 34.
Ba3 Qd5 35. Qb2 c5 36. dxc5 Raxc5 37. Bxc5 Rxc5 38. Rxc5 Qxc5 39. Qb7+ Kxd6 40.
Qxe4 Qc1+ 41. Kg2 Qd1 42. a5 Qa1 43. Qa8 Kc7 44. a6 Qb1 45. Qa7+ Kc8 46. Qxf7
Kb8 47. Qb7+ 1-0

[Event "PARDUBICE OPEN 2007"]
[Site "?"]
[Date "2007.07.28"]
[Round "9"]
[White "Dvoirys, Semen"]
[Black "Simacek, Pavel"]
[Result "1/2-1/2"]
[WhiteElo "2577"]
[BlackElo "2484"]
[PlyCount "96"]
[EventDate "2007.??.??"]

1. e4 e5 2. Nf3 Nc6 3. Bb5 a6 4. Ba4 Nf6 5. O-O Nxe4 6. d4 b5 7. Bb3 d5 8. dxe5
Be6 9. Be3 Bc5 10. Re1 O-O 11. c3 Bxe3 12. Rxe3 Na5 13. Nbd2 Nxd2 14. Nxd2 c5
15. Bc2 Nc6 16. f4 f5 17. exf6 Qxf6 18. Nf3 Kh8 19. Bxh7 Bg4 20. Bc2 Qxf4 21.
Qe2 c4 22. Qf2 Qh6 23. Rd1 Rad8 24. h3 Bh5 25. g4 Bf7 26. g5 Qh5 27. Qg3 Rfe8
28. Rxe8+ Rxe8 29. Rf1 Bg6 30. Bd1 Qh7 31. Nh4 Ne5 32. Nxg6+ Qxg6 33. Kh2 Kg8
34. Qg2 Qe4 35. Qf2 Kh7 36. Bh5 Re7 37. Qf8 Ng6 38. Qf5 Qe5+ 39. Qxe5 Rxe5 40.
Rg1 Nf4 41. Bf3 Kg6 42. h4 Re3 43. Rf1 a5 44. Bg4 Re4 45. Kg3 Nh5+ 46. Kh3 Nf4+
47. Kg3 Nh5+ 48. Kh3 Nf4+ 1/2-1/2

[Event "PARDUBICE OPEN 2007"]
[Site "?"]
[Date "2007.07.28"]
[Round "9"]
[White "Ibrayev, Nurlan"]
[Black "Laznicka, Viktor"]
[Result "1/2-1/2"]
[WhiteElo "2468"]
[BlackElo "2594"]
[PlyCount "101"]
[EventDate "2007.??.??"]

1. d4 Nf6 2. c4 e6 3. Nf3 d5 4. g3 dxc4 5. Qa4+ Nc6 6. Qxc4 Qd5 7. Qxd5 exd5 8.
Bg2 Nb4 9. Na3 c6 10. O-O Be7 11. Bd2 a5 12. Rfc1 Bf5 13. Nh4 Bg4 14. f3 Be6
15. Bf1 Kd7 16. Nb1 a4 17. a3 Na6 18. Nc3 Nc7 19. Ng2 Nfe8 20. e4 Nd6 21. Nf4
b6 22. Re1 g5 23. Nxe6 fxe6 24. Rad1 h5 25. f4 Rhg8 26. Bc1 b5 27. Bg2 gxf4 28.
Bxf4 Raf8 29. Be5 Nde8 30. Bh3 Bd6 31. exd5 cxd5 32. Rc1 Rg6 33. Bf1 h4 34. Kg2
hxg3 35. hxg3 Bxe5 36. dxe5 Rg5 37. Bxb5+ Nxb5 38. Nxb5 Rff5 39. Rh1 Rf7 40.
Rce1 Ng7 41. Rh7 Rxg3+ 42. Kxg3 Nf5+ 43. Kf4 Rxh7 44. Rc1 Rh2 45. Rc7+ Kd8 46.
Rc6 Kd7 47. Rc7+ Kd8 48. Rc6 Ke7 49. Rc7+ Kd8 50. Rc6 Kd7 51. Rc7+ 1/2-1/2

[Event "PARDUBICE OPEN 2007"]
[Site "?"]
[Date "2007.07.28"]
[Round "9"]
[White "Haznedaroglu, Kivanc"]
[Black "Warakomski, Tomasz"]
[Result "1/2-1/2"]
[WhiteElo "2440"]
[BlackElo "2506"]
[PlyCount "77"]
[EventDate "2007.??.??"]

1. e4 g6 2. d4 Bg7 3. Nc3 c6 4. Be3 d5 5. h3 dxe4 6. Nxe4 Nh6 7. Ng3 Qb6 8. Qc1
Nf5 9. Nxf5 Bxf5 10. Nf3 Na6 11. c3 Nc7 12. Bc4 Nd5 13. O-O O-O 14. Bh6 f6 15.
Re1 Rae8 16. Re2 Qc7 17. Qd2 g5 18. Bxg7 Kxg7 19. Bxd5 cxd5 20. Rae1 e6 21. Nh2
h5 22. Nf1 Qd6 23. Re3 h4 24. Qe2 Kf7 25. Nh2 Qa6 26. Qd2 Qxa2 27. f4 gxf4 28.
R3e2 Rg8 29. Kh1 Be4 30. Qxf4 f5 31. Ng4 Rxg4 32. hxg4 h3 33. gxf5 hxg2+ 34.
Kg1 exf5 35. Rxg2 Qa6 36. Qc7+ Re7 37. Rg7+ Kxg7 38. Qxe7+ Kh6 39. Kf2 1/2-1/2

[Event "PARDUBICE OPEN 2007"]
[Site "?"]
[Date "2007.07.28"]
[Round "9"]
[White "Potkin, Vladimir"]
[Black "Korobov, Anton"]
[Result "1/2-1/2"]
[WhiteElo "2591"]
[BlackElo "2530"]
[PlyCount "31"]
[EventDate "2007.??.??"]

1. d4 Nf6 2. c4 e6 3. Nf3 b6 4. g3 Bb7 5. Bg2 Be7 6. O-O O-O 7. Nc3 Ne4 8. Nxe4
Bxe4 9. Ne1 Bxg2 10. Nxg2 d5 11. Qa4 Qd7 12. Qxd7 Nxd7 13. cxd5 exd5 14. Bf4
Bf6 15. Rac1 c5 16. dxc5 1/2-1/2

[Event "PARDUBICE OPEN 2007"]
[Site "?"]
[Date "2007.07.28"]
[Round "9"]
[White "Akesson, Ralf"]
[Black "Schlosser, Philipp"]
[Result "0-1"]
[WhiteElo "2477"]
[BlackElo "2562"]
[PlyCount "100"]
[EventDate "2007.??.??"]

1. d4 d5 2. c4 e6 3. Nf3 Nf6 4. g3 dxc4 5. Bg2 a6 6. O-O Nc6 7. e3 Bd7 8. Nc3
Nd5 9. Qe2 Nb6 10. e4 Bb4 11. d5 exd5 12. Nxd5 Nxd5 13. exd5+ Ne7 14. Qxc4 Bd6
15. Rd1 O-O 16. b3 Re8 17. Bb2 Ng6 18. h4 h6 19. Qc3 Ne5 20. Nd2 Bf8 21. Re1
Ng4 22. Ne4 Bf5 23. Nc5 Rxe1+ 24. Rxe1 Rb8 25. b4 Nf6 26. Qf3 Bg6 27. Bxf6 Qxf6
28. Qxf6 gxf6 29. h5 Bf5 30. Be4 Re8 31. f3 Kg7 32. Kf2 Bc8 33. g4 a5 34. a3
axb4 35. axb4 b6 36. Nd3 Ba6 37. Rd1 Bd6 38. Ke3 f5 39. gxf5 Kf6 40. Rg1 Bxd3
41. Kxd3 Bxb4 42. Kc4 Bd6 43. Rg2 Ra8 44. Kb5 Ra1 45. Kc6 Rh1 46. Rg8 Rxh5 47.
Bd3 Rh3 48. Be4 Rh1 49. Rh8 Kg7 50. Ra8 h5 0-1

[Event "CZECH OPEN  2007 "]
[Site "CEZ arena,  Pardubice  (CZE)"]
[Date "2007.07.28"]
[Round "9"]
[White "Kravtsiv, Martyn"]
[Black "Khmelniker, Ilya"]
[Result "1/2-1/2"]
[WhiteElo "2492"]
[BlackElo "2427"]
[PlyCount "52"]
[EventDate "2007.07.20"]

1. e4 e5 2. Nf3 Nc6 3. Bb5 a6 4. Ba4 Nf6 5. O-O Nxe4 6. d4 b5 7. Bb3 d5 8. dxe5
Be6 9. Nbd2 Nc5 10. c3 Be7 11. Bc2 d4 12. Nb3 d3 13. Nxc5 dxc2 14. Qxd8+ Rxd8
15. Nxe6 fxe6 16. Be3 Rd5 17. Rac1 Nxe5 18. Nxe5 Rxe5 19. Rxc2 Kf7 20. Rd1 Rd5
21. Rcd2 Rhd8 22. Kf1 c5 23. Ke2 c4 24. Kf3 Bf6 25. Ke4 Re5+ 26. Kf3 Red5
1/2-1/2

[Event "CZECH OPEN  2007 "]
[Site "CEZ arena,  Pardubice  (CZE)"]
[Date "2007.07.28"]
[Round "9"]
[White "Meduna, Eduard"]
[Black "Maiorov, Nikita"]
[Result "1/2-1/2"]
[WhiteElo "2392"]
[BlackElo "2487"]
[PlyCount "68"]
[EventDate "2007.07.20"]

1. d4 Nf6 2. c4 e6 3. Nf3 b6 4. Bf4 Bb7 5. e3 Nc6 6. a3 Ne7 7. Nc3 Ng6 8. Bg3
Ne4 9. Nxe4 Bxe4 10. Bd3 Bxd3 11. Qxd3 Be7 12. Ne5 Bf6 13. O-O d6 14. Nxg6 hxg6
15. a4 Bh4 16. e4 Bxg3 17. Qxg3 Qh4 18. Rfe1 Rb8 19. d5 Ke7 20. b4 e5 21. a5
Kd7 22. b5 g5 23. Ra3 g6 24. h3 Qxg3 25. Rxg3 Rh5 26. Rf3 Rf8 27. Ra3 f5 28. a6
Rfh8 29. f3 Rh4 30. Kf2 Ke7 31. Kg3 Rf4 32. Kf2 Rfh4 33. Kg3 Kf6 34. Rc3 Kg7
1/2-1/2

[Event "CZECH OPEN  2007 "]
[Site "CEZ arena,  Pardubice  (CZE)"]
[Date "2007.07.28"]
[Round "9"]
[White "Vorobiov, Evgeny E"]
[Black "Hasangatin, Ramil"]
[Result "1-0"]
[WhiteElo "2572"]
[BlackElo "2476"]
[PlyCount "103"]
[EventDate "2007.07.20"]

1. e4 c5 2. Nf3 Nc6 3. d4 cxd4 4. Nxd4 e6 5. Nc3 Bb4 6. Ndb5 Nf6 7. a3 Bxc3+ 8.
Nxc3 d5 9. exd5 exd5 10. Bd3 O-O 11. O-O d4 12. Ne2 Re8 13. b4 Bg4 14. f3 Bh5
15. Bb2 a6 16. Rf2 Bg6 17. Bxg6 hxg6 18. Nxd4 Ne5 19. Nb3 Qc7 20. Re2 Nc4 21.
Bxf6 gxf6 22. Nc5 Red8 23. Qe1 Qc6 24. Qh4 b6 25. Qxc4 bxc5 26. Re7 Rd5 27.
Rae1 Qd6 28. c3 Kg7 29. h3 Rf8 30. Ra7 Rd2 31. Ree7 Rd5 32. f4 g5 33. Rad7 Qxd7
34. Rxd7 Rxd7 35. fxg5 fxg5 36. Qxc5 f5 37. a4 Rf6 38. c4 Kg6 39. b5 Rd1+ 40.
Kh2 Re6 41. b6 f4 42. h4 gxh4 43. Kh3 Rb1 44. a5 Re3+ 45. Kxh4 Rg3 46. Qh5+ Kf6
47. Qh8+ Ke6 48. Qc8+ Ke5 49. Qc7+ Kf5 50. Qh7+ Rg6 51. Qf7+ Rf6 52. Qd5+ 1-0

[Event "CZECH OPEN  2007 "]
[Site "CEZ arena,  Pardubice  (CZE)"]
[Date "2007.07.28"]
[Round "9"]
[White "Dziuba, Marcin"]
[Black "Kovacevic, Blazimir"]
[Result "1-0"]
[WhiteElo "2536"]
[BlackElo "2457"]
[PlyCount "51"]
[EventDate "2007.07.20"]

1. d4 d6 2. Nf3 g6 3. c4 f5 4. g3 Nf6 5. Bg2 Bg7 6. b4 e5 7. dxe5 Ng4 8. Bg5
Qd7 9. Nc3 h6 10. Bf6 Nxf6 11. exf6 Bxf6 12. Rc1 O-O 13. O-O Qg7 14. Nd5 Bd8
15. Qd2 Nd7 16. Nd4 Ne5 17. Nf4 Bg5 18. e3 Bxf4 19. gxf4 Nf7 20. c5 a6 21. Qc2
c6 22. a4 d5 23. b5 axb5 24. axb5 Nd8 25. bxc6 bxc6 26. Nxc6 1-0

[Event "CZECH OPEN  2007 "]
[Site "CEZ arena,  Pardubice  (CZE)"]
[Date "2007.07.28"]
[Round "9"]
[White "Zhigalko, Andrey"]
[Black "Antal, Gergely"]
[Result "1-0"]
[WhiteElo "2529"]
[BlackElo "2447"]
[PlyCount "63"]
[EventDate "2007.07.20"]

1. e4 c5 2. Nf3 e6 3. d4 cxd4 4. Nxd4 Nf6 5. Nc3 d6 6. Be3 Be7 7. Qe2 Nc6 8.
O-O-O O-O 9. g4 Nxd4 10. Bxd4 Qa5 11. Rg1 e5 12. Be3 Be6 13. g5 Nd7 14. Kb1
Rfc8 15. Nd5 Bf8 16. Rd3 Rc6 17. Bd2 Qd8 18. h4 Rac8 19. c3 Ra6 20. Bh3 Qa5 21.
a3 Qb5 22. Nf6+ Nxf6 23. Bxe6 fxe6 24. gxf6 Rb6 25. Bh6 g6 26. c4 Qa4 27. Be3
Rbc6 28. h5 Qxc4 29. hxg6 hxg6 30. Qg4 Qxd3+ 31. Ka1 Bg7 32. Qxe6+ 1-0

[Event "CZECH OPEN  2007 "]
[Site "CEZ arena,  Pardubice  (CZE)"]
[Date "2007.07.28"]
[Round "9"]
[White "Polzin, Rainer"]
[Black "Mikhalevski, Alexander"]
[Result "0-1"]
[WhiteElo "2505"]
[BlackElo "2441"]
[PlyCount "74"]
[EventDate "2007.07.20"]

1. g3 d5 2. c4 e6 3. Bg2 dxc4 4. Nf3 a6 5. a4 Nc6 6. Na3 Bxa3 7. bxa3 e5 8. Qc2
Be6 9. Qb2 f6 10. Qxb7 Na5 11. Qe4 Ne7 12. Bb2 Bf5 13. Qh4 h5 14. Nxe5 Rb8 15.
Bc3 g5 16. Qd4 Qxd4 17. Bxd4 Nb3 18. Ba7 Rd8 19. Nc6 Nxa1 20. Nxd8 Kxd8 21. O-O
Nb3 22. Bb7 a5 23. Ba6 Nc8 24. Be3 Nd6 25. d3 cxd3 26. exd3 Kd7 27. d4 h4 28.
f3 hxg3 29. hxg3 Kc6 30. g4 Bd7 31. Re1 Kd5 32. Bf1 Nxd4 33. Bg2 Re8 34. Kf2 c5
35. Rh1 Nc4 36. Bc1 Re2+ 37. Kg3 Rc2 0-1

[Event "CZECH OPEN  2007 "]
[Site "CEZ arena,  Pardubice  (CZE)"]
[Date "2007.07.28"]
[Round "9"]
[White "Feller, Sebastian"]
[Black "Bosiocic, Marin"]
[Result "1-0"]
[WhiteElo "2476"]
[BlackElo "2496"]
[PlyCount "73"]
[EventDate "2007.07.20"]

1. d4 Nf6 2. Nf3 g6 3. Bg5 Bg7 4. Nbd2 O-O 5. c3 d6 6. e4 h6 7. Be3 Ng4 8. Bf4
e5 9. dxe5 Nxe5 10. Nxe5 dxe5 11. Be3 Nd7 12. Be2 Qe7 13. O-O Nc5 14. Qc2 Ne6
15. Rfd1 b6 16. a4 a5 17. Rab1 Nf4 18. Bf1 h5 19. b4 Bg4 20. Rdc1 h4 21. Nc4
Qg5 22. bxa5 h3 23. g3 Qh5 24. Bxf4 exf4 25. Rb5 Qh6 26. axb6 cxb6 27. Nxb6
Rae8 28. Re1 Re5 29. Rxe5 Bxe5 30. Nc4 Bb8 31. a5 Qg5 32. e5 Ba7 33. Qc1 fxg3
34. hxg3 Qe7 35. Qf4 Qc5 36. Qd4 Qc7 37. Qxg4 1-0

[Event "CZECH OPEN  2007 "]
[Site "CEZ arena,  Pardubice  (CZE)"]
[Date "2007.07.28"]
[Round "9"]
[White "Jansa, Vlastimil"]
[Black "Zherebukh, Yaroslav"]
[Result "1/2-1/2"]
[WhiteElo "2494"]
[BlackElo "2418"]
[PlyCount "140"]
[EventDate "2007.07.20"]

1. Nf3 c5 2. e4 d6 3. d4 Nf6 4. Nc3 cxd4 5. Nxd4 a6 6. Be2 e6 7. O-O Be7 8. a4
Nc6 9. Be3 O-O 10. f4 Qc7 11. Kh1 Re8 12. Bd3 Nb4 13. a5 Bd7 14. Nf3 Rac8 15.
e5 Nfd5 16. Nxd5 Nxd5 17. Bd2 Bb5 18. Bxb5 axb5 19. c3 Qc4 20. Nd4 b4 21. f5
bxc3 22. bxc3 dxe5 23. fxe6 fxe6 24. Nxe6 Nxc3 25. Bxc3 Qxe6 26. Qe1 e4 27. Qg3
Qh6 28. Bd4 Bd6 29. Bxg7 Qg6 30. Qxg6 hxg6 31. Bd4 e3 32. g3 Re4 33. Bxe3 Rxe3
34. a6 bxa6 35. Rxa6 Rd3 36. Rf2 Kg7 37. Kg2 Re8 38. Ra7+ Kh6 39. Raa2 Bc5 40.
Rfd2 Rde3 41. Rac2 R8e5 42. Rc4 Re1 43. Rh4+ Kg7 44. Rd7+ Be7 45. Rf4 Kh6 46.
Rf7 R1e2+ 47. Kh3 Bc5 48. Kg4 Rg5+ 49. Kf3 Rf2+ 50. Ke4 Rg4+ 51. Ke5 Rxf7 52.
Rxf7 Bd4+ 53. Ke6 Bg1 54. Rf8 Kg7 55. Rf7+ Kh6 56. Rf8 Bxh2 57. Rh8+ Kg5 58.
Rxh2 Rxg3 59. Kf7 Kf4 60. Rf2+ Ke3 61. Rf6 g5 62. Kg6 g4 63. Kg5 Rg2 64. Kh4
Rg1 65. Rg6 Kf4 66. Rf6+ Ke5 67. Rf8 g3 68. Kh3 g2 69. Kh2 Rf1 70. Re8+ Kd6
1/2-1/2

[Event "CZECH OPEN  2007 "]
[Site "CEZ arena,  Pardubice  (CZE)"]
[Date "2007.07.28"]
[Round "9"]
[White "Netzer, Jean"]
[Black "Schneider, Dmitry"]
[Result "0-1"]
[WhiteElo "2383"]
[BlackElo "2488"]
[PlyCount "42"]
[EventDate "2007.07.20"]

1. c4 e6 2. d4 d5 3. Nc3 c5 4. cxd5 exd5 5. Nf3 Nc6 6. g3 Nf6 7. Bg2 Be7 8. O-O
O-O 9. b3 Ne4 10. Bb2 Bf6 11. Na4 b6 12. dxc5 Bxb2 13. Nxb2 bxc5 14. Rc1 Ba6
15. Re1 Nb4 16. a3 Na2 17. Ra1 Nac3 18. Qc2 Qf6 19. Rac1 Rfe8 20. Nd3 d4 21.
Nd2 Bxd3 0-1

[Event "CZECH OPEN  2007 "]
[Site "CEZ arena,  Pardubice  (CZE)"]
[Date "2007.07.28"]
[Round "9"]
[White "Panchanathan, Magesh"]
[Black "Holmsgaard, Henrik"]
[Result "1-0"]
[WhiteElo "2486"]
[BlackElo "2294"]
[PlyCount "153"]
[EventDate "2007.07.20"]

1. e4 c5 2. Nf3 Nc6 3. d4 cxd4 4. Nxd4 Nf6 5. Nc3 e5 6. Ndb5 d6 7. Bg5 a6 8.
Na3 b5 9. Nd5 Be7 10. Bxf6 Bxf6 11. c3 O-O 12. Nc2 Rb8 13. Be2 Bg5 14. O-O a5
15. Nce3 Be6 16. a4 bxa4 17. Nc4 Ne7 18. Rxa4 Bxd5 19. exd5 Rb5 20. Nxe5 Rxd5
21. Nd3 Qb6 22. Qc2 Nc6 23. Bf3 Rb5 24. Bxc6 Qxc6 25. Rfa1 Bd8 26. Rg4 Bb6 27.
c4 Rf5 28. Qc3 f6 29. Re1 Re8 30. c5 Bxc5 31. Qc4+ Kf8 32. Rxe8+ Qxe8 33. Re4
Qd7 34. g4 Rg5 35. h4 f5 36. Nxc5 dxc5 37. Qxc5+ Kf7 38. Qc4+ Kf8 39. hxg5 fxe4
40. Qxe4 Qd2 41. Qf5+ Ke7 42. Qe5+ Kf7 43. Kg2 Qb4 44. Kg3 Qb3+ 45. f3 a4 46.
Qf5+ Kg8 47. Qc8+ Kf7 48. Qd7+ Kf8 49. Qd4 Kf7 50. Kf4 Kf8 51. Ke4 Qb7+ 52. Ke3
Qb3+ 53. Kf2 Qc2+ 54. Kg3 Qb3 55. Qf4+ Kg8 56. Qd2 Kf7 57. Kf4 Kf8 58. Ke4 Qb7+
59. Ke3 Qb3+ 60. Ke2 Kf7 61. Kf2 Kf8 62. Kg2 Kf7 63. f4 Kf8 64. f5 Kf7 65. Qd4
Kf8 66. Kf2 Kf7 67. Ke2 Kf8 68. Kd2 Kf7 69. Qd7+ Kf8 70. Qd6+ Kf7 71. Qe6+ Qxe6
72. fxe6+ Kxe6 73. Kc3 Ke5 74. Kb4 Kf4 75. Kxa4 Kxg5 76. b4 Kxg4 77. b5 1-0

[Event "CZECH OPEN  2007 "]
[Site "CEZ arena,  Pardubice  (CZE)"]
[Date "2007.07.28"]
[Round "9"]
[White "Dolezal, Radoslav"]
[Black "Stocek, Jiri"]
[Result "1/2-1/2"]
[WhiteElo "2418"]
[BlackElo "2572"]
[PlyCount "191"]
[EventDate "2007.07.20"]

1. d4 Nf6 2. Nf3 e6 3. c4 c5 4. Nc3 cxd4 5. Nxd4 Bc5 6. e3 O-O 7. Be2 a6 8. O-O
Re8 9. a3 d5 10. cxd5 exd5 11. b4 Bxd4 12. exd4 Be6 13. Bg5 h6 14. Bh4 g5 15.
Bg3 Ne4 16. Rc1 Nc6 17. b5 axb5 18. Nxe4 dxe4 19. Bxb5 Qxd4 20. Bxc6 Qxd1 21.
Rfxd1 bxc6 22. Rxc6 Rxa3 23. h4 Kg7 24. hxg5 hxg5 25. Be5+ Kg6 26. Re1 Ra4 27.
Rb6 Rc8 28. Rd1 Ra2 29. Bd4 Rd8 30. Rb4 Rc2 31. Re1 Bd5 32. Be3 Bc6 33. g4 f6
34. Kg2 Kf7 35. Kg3 Rd3 36. Rb8 Ra2 37. Rc8 Bd7 38. Rc4 Ra4 39. Rec1 Rd6 40.
Rxa4 Bxa4 41. Rc4 Bc6 42. Rd4 Bd5 43. Rb4 Ra6 44. Kh2 Ra3 45. Bd4 Rd3 46. Be3
Ke6 47. Ba7 Rd1 48. Bb6 Rc1 49. Be3 Rc8 50. Kg3 Rc2 51. Bd4 Rc1 52. Kh2 Rc2 53.
Kg3 Bc6 54. Kh2 Ra2 55. Kg3 Ra3+ 56. Be3 Ke5 57. Rc4 Bd5 58. Rb4 Rd3 59. Rb5
Rd1 60. Kh2 Rc1 61. Kg2 Re1 62. Kh2 Rd1 63. Kg2 Ke6 64. Kh2 Bc4 65. Rb4 Kd5 66.
Rb2 Ke5 67. Rc2 Be6 68. Rc1 Rxc1 69. Bxc1 Bxg4 70. Kg3 Bf3 71. Bb2+ Kf5 72. Bc3
Kg6 73. Kh3 f5 74. Be5 f4 75. Bd4 Kf5 76. Bb6 Be2 77. Ba5 Bb5 78. Bb6 Bc6 79.
Bc5 Kg6 80. Kh2 Kh5 81. Be7 Kg4 82. Kg1 Bb5 83. Bd8 f3 84. Be7 Kh5 85. Bc5 Kh4
86. Kh2 Bc4 87. Bb6 Ba6 88. Bc5 g4 89. Be7+ Kh5 90. Bc5 Kg5 91. Kg3 Kf5 92. Bb6
Bb5 93. Bc5 Ba6 94. Bb6 Bb5 95. Bc5 Ba6 96. Bb6 1/2-1/2

[Event "CZECH OPEN  2007 "]
[Site "CEZ arena,  Pardubice  (CZE)"]
[Date "2007.07.28"]
[Round "9"]
[White "Markos, Jan"]
[Black "Ostrovskiy, Andrey"]
[Result "1-0"]
[WhiteElo "2559"]
[BlackElo "2417"]
[PlyCount "63"]
[EventDate "2007.07.20"]

1. d4 Nf6 2. c4 e6 3. Nf3 b6 4. g3 Ba6 5. Qc2 d5 6. cxd5 exd5 7. Bg2 Bd6 8. Nc3
O-O 9. O-O c6 10. Ne5 Bb7 11. e4 c5 12. Nxd5 cxd4 13. Nc4 Nxd5 14. exd5 Bc5 15.
b4 Bxb4 16. Rd1 Bc3 17. Bb2 Qf6 18. Bxc3 dxc3 19. Rac1 Rc8 20. Qxc3 Qxc3 21.
Rxc3 b5 22. Rb1 Rc5 23. Rcc1 bxc4 24. Rxb7 Na6 25. d6 g6 26. Bf1 Rac8 27. d7
Rd8 28. Rxa7 Nb8 29. Ra8 c3 30. Rb1 Kg7 31. Raxb8 c2 32. Rxd8 1-0

[Event "CZECH OPEN  2007 "]
[Site "CEZ arena,  Pardubice  (CZE)"]
[Date "2007.07.28"]
[Round "9"]
[White "Gumula, Daniel"]
[Black "Sveshnikov, Evgeni"]
[Result "1-0"]
[WhiteElo "2387"]
[BlackElo "2504"]
[PlyCount "75"]
[EventDate "2007.07.20"]

1. d4 d5 2. c4 e6 3. Nc3 c6 4. e4 dxe4 5. Nxe4 Bb4+ 6. Bd2 Qxd4 7. Bxb4 Qxe4+
8. Be2 Na6 9. Bd6 e5 10. Nf3 Bg4 11. O-O O-O-O 12. b4 Nf6 13. c5 Nxb4 14. Rc1
Nbd5 15. Rc4 Qf5 16. Qa4 Bxf3 17. Bxf3 Rxd6 18. cxd6 Kb8 19. Bxd5 Nxd5 20. Qb3
Qd7 21. Rb1 Re8 22. Qc2 Nb6 23. Rcb4 Qxd6 24. a4 Re7 25. Qxh7 Rd7 26. h3 Qf6
27. a5 Rd2 28. Qh8+ Rd8 29. Qh5 Rd2 30. f3 c5 31. Rb5 e4 32. axb6 Qd4+ 33. Kh2
Qd6+ 34. f4 Qxf4+ 35. Kh1 axb6 36. Rxb6 Qf2 37. Rxb7+ Ka8 38. Qh8+ 1-0

[Event "CZECH OPEN  2007 "]
[Site "CEZ arena,  Pardubice  (CZE)"]
[Date "2007.07.28"]
[Round "9"]
[White "Pribyl, Josef"]
[Black "Vovk, Andriy"]
[Result "0-1"]
[WhiteElo "2383"]
[BlackElo "2504"]
[PlyCount "114"]
[EventDate "2007.07.20"]

1. Nf3 Nf6 2. d4 g6 3. Nc3 d5 4. Bf4 Bg7 5. e3 O-O 6. Be2 b6 7. Ne5 c5 8. h4 h6
9. g4 cxd4 10. exd4 Ne4 11. Nxe4 dxe4 12. Qd2 Bb7 13. Rg1 Kh7 14. O-O-O Nd7 15.
g5 h5 16. Kb1 a6 17. Qe3 Kg8 18. Bc4 b5 19. Bb3 e6 20. Nxd7 Qxd7 21. Be5 Bd5
22. Rge1 Rfe8 23. Bxg7 Kxg7 24. c3 Bc6 25. Bc2 b4 26. Rc1 bxc3 27. Qxc3 Qb7 28.
Ba4 Rec8 29. Qa3 Rcb8 30. b3 Rd8 31. Rc5 Qb8 32. b4 Qf4 33. Qe3 Qxh4 34. Bc2
Rab8 35. a3 Ba8 36. Kb2 Rd7 37. Re5 Rbd8 38. Rd1 Qh2 39. Ra5 Bb7 40. Kc3 Rd5
41. Rc5 Rf5 42. Bxe4 Bxe4 43. Qxe4 Qxf2 44. Rd3 Rdd5 45. Kb3 Rxg5 46. Rc7 Qf5
47. Qxf5 Rgxf5 48. Rc6 a5 49. Rc5 axb4 50. axb4 h4 51. Kc4 g5 52. b5 g4 53. b6
Rd8 54. b7 Rb8 55. Rc7 g3 56. Rb3 g2 57. Rb1 Rf1 0-1

[Event "CZECH OPEN  2007 "]
[Site "CEZ arena,  Pardubice  (CZE)"]
[Date "2007.07.28"]
[Round "9"]
[White "Schebler, Gerhard"]
[Black "Stupak, Kirill"]
[Result "1/2-1/2"]
[WhiteElo "2496"]
[BlackElo "2377"]
[PlyCount "107"]
[EventDate "2007.07.20"]

1. d4 e6 2. c4 Bb4+ 3. Nd2 d5 4. Qa4+ Nc6 5. e3 Nf6 6. Ngf3 O-O 7. a3 Bxd2+ 8.
Bxd2 Ne4 9. Qc2 Nxd2 10. Qxd2 Ne7 11. Rc1 Bd7 12. Ne5 c6 13. Bd3 Be8 14. Qc2
Ng6 15. Nxg6 hxg6 16. h4 Qe7 17. cxd5 exd5 18. Qc5 Qe6 19. h5 f5 20. h6 Bd7 21.
Kd2 b6 22. Qb4 Kf7 23. Rh2 Rh8 24. Rch1 Rxh6 25. Rxh6 gxh6 26. Rxh6 Kg7 27. Rh1
Qf6 28. g3 Qf8 29. Qa4 Qd6 30. Rh2 Qe7 31. Qd1 Rh8 32. Rxh8 Kxh8 33. b4 Kg7 34.
Qa4 Be8 35. Qc2 Qd6 36. Qc3 Kf6 37. a4 g5 38. a5 Bd7 39. axb6 axb6 40. Qa3 f4
41. gxf4 gxf4 42. Qc3 fxe3+ 43. Kxe3 Qh2 44. Qe1 Qh6+ 45. Ke2 Qf4 46. Qh1 Ke7
47. Qh7+ Kd6 48. Qg6+ Kc7 49. Qg7 Qg4+ 50. Qxg4 Bxg4+ 51. Ke3 Kd6 52. Kf4 Bd1
53. Kg5 Bf3 54. Kf4 1/2-1/2

[Event "CZECH OPEN  2007 "]
[Site "CEZ arena,  Pardubice  (CZE)"]
[Date "2007.07.28"]
[Round "9"]
[White "Henrichs, Thomas"]
[Black "Tikkanen, Hans"]
[Result "0-1"]
[WhiteElo "2496"]
[BlackElo "2365"]
[PlyCount "58"]
[EventDate "2007.07.20"]

1. d4 d5 2. c4 e6 3. Nf3 c6 4. Qc2 Nf6 5. Bg5 h6 6. Bh4 dxc4 7. Qxc4 Nbd7 8.
Nc3 Bd6 9. O-O-O Qc7 10. Bg3 Bxg3 11. hxg3 Nb6 12. Qc5 Nbd5 13. Rh4 Qb6 14. Qc4
Qa5 15. Qa4 Qxa4 16. Nxa4 Ne7 17. Kd2 Nf5 18. Rh1 Nd6 19. e3 Nde4+ 20. Ke1 Ng4
21. Rh4 Ngxf2 22. Rc1 f6 23. Nc5 Nxc5 24. Rxc5 g5 25. Nxg5 fxg5 26. Rxg5 Ne4
27. Rg7 Nd6 28. Rf4 Bd7 29. Be2 O-O-O 0-1

[Event "CZECH OPEN  2007 "]
[Site "CEZ arena,  Pardubice  (CZE)"]
[Date "2007.07.28"]
[Round "9"]
[White "Potapov, Alexander"]
[Black "Spirin, Oleg"]
[Result "1/2-1/2"]
[WhiteElo "2480"]
[BlackElo "2356"]
[PlyCount "79"]
[EventDate "2007.07.20"]

1. d4 Nf6 2. c4 e6 3. Nc3 Bb4 4. g3 O-O 5. Bg2 d6 6. Nf3 Bxc3+ 7. bxc3 Nc6 8.
O-O e5 9. Qc2 Re8 10. dxe5 dxe5 11. Nd2 Qe7 12. e4 Na5 13. Re1 b6 14. Bf1 Ba6
15. Rb1 Rad8 16. Rb4 c5 17. Ra4 Bc8 18. Be2 Bd7 19. Ra3 Be6 20. f3 h6 21. Kg2
Qc7 22. g4 Re7 23. Ra4 Bd7 24. Nf1 Bxa4 25. Qxa4 Re6 26. Ng3 Ne8 27. Nf5 Nd6
28. Ne3 Nc8 29. h4 Ne7 30. h5 Red6 31. Kf2 Qd7 32. Qc2 Nac6 33. Rg1 f6 34. Ng2
Re8 35. Be3 Nd8 36. Ra1 Ne6 37. Qb3 Qc7 38. Qc2 Red8 39. Qc1 R6d7 40. Kg3
1/2-1/2

[Event "CZECH OPEN  2007 "]
[Site "CEZ arena,  Pardubice  (CZE)"]
[Date "2007.07.28"]
[Round "9"]
[White "Ismagambetov, Anuar"]
[Black "Rojicek, Vojtech"]
[Result "1-0"]
[WhiteElo "2479"]
[BlackElo "2354"]
[PlyCount "79"]
[EventDate "2007.07.20"]

1. e4 c5 2. Nf3 d6 3. d4 cxd4 4. Nxd4 Nf6 5. Nc3 a6 6. Be2 e6 7. f4 Be7 8. Bf3
Qc7 9. O-O O-O 10. a4 Nc6 11. Be3 Re8 12. Kh1 Bd7 13. Nb3 b6 14. g4 Bc8 15. g5
Nd7 16. Bg2 Bb7 17. Qh5 Nb4 18. Rac1 g6 19. Qh4 h5 20. Qf2 Bf8 21. h3 Rab8 22.
Qd2 Nc6 23. Qf2 Ba8 24. Nd4 Na5 25. Rcd1 Bg7 26. Bc1 Nc6 27. Nxc6 Bxc6 28. Be3
Bxc3 29. bxc3 Nc5 30. Bxc5 bxc5 31. f5 Rf8 32. Qg3 Rbd8 33. Rf4 e5 34. Rh4 Qb7
35. f6 Qb8 36. Rxh5 gxh5 37. g6 Rfe8 38. Qg5 Qb7 39. g7 Bxe4 40. Qh6 1-0